A career in the armed forces (Record no. 4260)

000 -LEADER
fixed length control field 00439nam a22001337a 4500
008 - FIXED-LENGTH DATA ELEMENTS--GENERAL INFORMATION
fixed length control field 200728b ||||| |||| 00| 0 eng d
110 ## - MAIN ENTRY--CORPORATE NAME
9 (RLIN) 1726
Corporate name or jurisdiction name as entry element Ministry of information and Broad Casting, India.
245 10 - TITLE STATEMENT
Title A career in the armed forces
260 ## - PUBLICATION, DISTRIBUTION, ETC. (IMPRINT)
Place of publication, distribution, etc Delhi
Name of publisher, distributor, etc Ministry of information and Broad Casting, India
Date of publication, distribution, etc 1950
300 ## - PHYSICAL DESCRIPTION
Extent 50 p.
365 ## - TRADE PRICE
Unit of pricing 0.08
650 #0 - SUBJECT ADDED ENTRY--TOPICAL TERM
Topical term or geographic name as entry element Armed Forces
942 ## - ADDED ENTRY ELEMENTS (KOHA)
Item type Books
Holdings
Withdrawn status Lost status Source of classification or shelving scheme Damaged status Not for loan Permanent location Current location Date acquired Source of acquisition Barcode Date last seen Koha item type
          IMU Kolkata IMU Kolkata 1954-02-24 Graford Books and stationary 01907 2020-07-28 Books
Designed and Maintained by IMU-KC Library, Kolkata Campus © Copyright All Rights Reserved

webs counters

Powered by Koha